| 000 | 00689nam a22001937a 4500 | ||
|---|---|---|---|
| 999 |
_c169651 _d169651 |
||
| 005 | 20191127173754.0 | ||
| 010 | _aUR-10633 | ||
| 020 |
_c150.00 _a9789389002164 |
||
| 035 | _aU-9188 | ||
| 037 |
_bDBAD/PUB _a- |
||
| 082 | _a440.44 | ||
| 100 | _aبيگ مر ز ا خليل ا حمد | ||
| 245 |
_aلسا نيا ت ا سلو بيا ت _cبيگ مر ز ا خليل ا حمد |
||
| 246 |
_bLasaniyaati Uslubiyaat (Urdu) _aEd.by Mirza Khalil Beg |
||
| 260 |
_aDelhi _bEducational Publishing House _c2019 ء |
||
| 270 |
_a3191,Vakil Street, Kucha Pandit,Lal Kuan, _bDelhi _e110006 _k01123216162 _l- |
||
| 300 |
_a152 ص _c22 Cm(Hb) |
||
| 942 |
_2ddc _cUR _h440.44 _mب ي گ |
||